Eurovision Song Contest 2022 - Semi-Final 1 Results - Statistics

General Stats
  • This quiz has been taken 16 times
  • The average score is 14 of 17
Answer Stats
Answer % Correct
Lithuania 960px-Flag_of_Lithuania.svg.png
100%
Ukraine 960px-Flag_of_Ukraine.svg.png
100%
Netherlands 960px-Flag_of_the_Netherlands.svg.png
92%
Norway 960px-Flag_of_Norway.svg.png
92%
Portugal 960px-Flag_of_Portugal.svg.png
92%
Greece 960px-Flag_of_Greece.svg.png
85%
Moldova 960px-Flag_of_Moldova.svg.png
85%
Slovenia 960px-Flag_of_Slovenia.svg.png
85%
Albania 960px-Flag_of_Albania.svg.png
77%
Armenia 960px-Flag_of_Armenia.svg.png
77%
Austria 960px-Flag_of_Austria.svg.png
77%
Bulgaria 960px-Flag_of_Bulgaria.svg.png
77%
Croatia 960px-Flag_of_Croatia.svg.png
77%
Switzerland 960px-Flag_of_Switzerland.svg.png
77%
Denmark 960px-Flag_of_Denmark.svg.png
69%
Iceland 960px-Flag_of_Iceland.svg.png
69%
Latvia 960px-Flag_of_Latvia.svg.png
69%
No matching quizzes found
Score Distribution
Percent of People with Each Score
Percentile by Number Answered
Your Score History
You have not taken this quiz